000 01740nam a2200313 i 4500
001 768714001
003 CO-MdFUSB
005 20240618062720.0
008 191001t2007 pe |||| |||| 00| 0 spa d
020 _a9789586256537
040 _aCO-MdFUSB
_bspa
_cCO-MdFUSB
_dCO-MdFUSBC
_erda
041 _aspa
082 _223
_a262.122
_bC748d
110 _aConsejo Episcopal Latinoamericano
245 1 _aV Conferencia general del Episcopado Latinoamericano y de el Caribe :
_bDocumento conclusivo : Aparecida, 13-31 de mayo de 2007
_c/ Consejo Episcopal Latinoamericano, CELAM.
264 1 _aLima, Perú.
_bConferencia Episcopal Peruana,
_c[2007]
264 4 _c© 2007
300 _a298 páginas
_c; 21 cm
336 _2rdacontent
_atexto
_btxt
337 _2rdamedia
_asin mediación
_bn
338 _2rdacarrier
_avolumen
_bnc
505 _aDiscurso Inaugural de Su Santidad Benedicto XVI. -- La vida de nuestros pueblos hoy. -- Los discípulos misioneros. -- Mirada de los discípulos misioneros sobre la realidad. -- La vida de Jesucristo en los discípulos misioneros: La alegría de ser discípulos misioneros para anunciar el Evangelio de Jesucristo. -- La vocación de los discípulos misioneros a la Santidad. -- La comunión de los discípulos Misioneros en la iglesia. -- El itinerario formativo de los discípulos misioneros. -- La vida de Jesucristo para nuestros pueblos: La misión de los discípulos al servicio de la vida plena. -- Reino de Dios y promoción de la dignidad humana. -- Familia, personas y vida. -- Nuestros pueblos y la cultura.
563 _aRústico
610 2 7 _aIglesia Católica
_zAmérica Latina.
650 0 _919
_aVida cristiana
650 0 _aMisiones
_9154
942 _cBK
945 _aJTF-925
999 _c65272
_d65272